000 00848cam a22002897a 4500
001 002403
003 armpunfd
005 20140612090707.0
008 110301e2000ag#########000#0##nd#d
020 _a9501417387
040 _aarmpunfd
_carmpunfd
080 _a342.4 V 344
100 1 0 _a Vanossi, Jorge Reinaldo A
245 1 0 _aTeoria constitucional
260 _aBuenos Aires :
_bDepalma.
650 7 _a Alf Ross
_2LEMB
650 7 _a Amparo
_2LEMB
650 7 _a Control De Constitucionalidad
_2LEMB
650 7 _a Derecho Constitucional
_2LEMB
650 7 _a Poder Constituyente Fundacional
_2LEMB
650 7 _a Poder Constituyente Reformador
_2LEMB
650 7 _a Poder Constituyente
_2LEMB
650 7 _a Teoria Constitucional
_2LEMB
942 _cLB
_2cdu
945 _aCatalis
_d2010-08-19
945 _aCatalis
_d2010-08-19
999 _c2393
_d232897